Statistics for Countries With Populations Less Than 0.1% Muslim

Click here to take the quiz!

General Stats

  • This quiz has been taken 1,058 times
  • The average score is 18 of 32

Answer Stats

Country% Correct
Vatican City
77%
Chile
68%
Colombia
65%
Nauru
65%
Palau
65%
Peru
65%
Samoa
63%
Tonga
63%
Vanuatu
63%
Bolivia
62%
Haiti
62%
San Marino
62%
Dominican Republic
61%
Ecuador
61%
Kiribati
61%
Marshall Islands
61%
Federated States of Micronesia
60%
Uruguay
60%
El Salvador
59%
Paraguay
59%
Solomon Islands
59%
North Korea
58%
Costa Rica
57%
Guatemala
56%
Jamaica
56%
Nicaragua
55%
Papua New Guinea
41%
Lesotho
32%
São Tomé and Príncipe
30%
Laos
28%
Armenia
21%
Czech Republic
8%

Score Distribution

Percentile by Number Answered

Percent of People with Each Score

Your Score History

You have not taken this quiz